000 01100nam a2200313 a 4500
001 000109185
003 CHAP
005 20220329144041.0
008 140408s2011 fr a |r| |||||||spa d
010 _a105647
011 _a106619
040 _cCHAP
090 _aFolleto 18426
110 0 _aOrganización para la Cooperación y el Desarrollo Económicos. París
_983559
245 1 0 _aHacia el crecimiento verde. Un resumen para los diseñadores de politicas /
_cpor Organización para la Cooperación y el Desarrollo Económicos.
260 _aParis :
_bOCDE,
_c2011.
300 _a24 p. :
_bil., gráfs.,.
590 _aE5995AHE
_b05
_c20140408
_lUCH01
_h1446
590 _aE5995AHE
_b05
_c20140409
_lUCH01
_h0845
590 _aE5995AHE
_b05
_c20140409
_lUCH01
_h0900
650 4 _aBiodiversidad
_xAspectos económicos.
_912725
650 4 _aMedio ambiente
_xConservación.
_974068
650 4 _aPolítica y desarrollo.
_990716
650 4 _aRecursos naturales
_xAdministración.
_995175
650 4 _aRecursos naturales
_xUtilización.
_995321
901 _aBK
942 _cFOLL
942 _n0
999 _c105647
_d105647